| 000 | 00436nam a2200193Ia 4500 | ||
|---|---|---|---|
| 005 | 20240823033213.0 | ||
| 008 | 240823s9999||||xx |||||||||||||| ||und|| | ||
| 020 | _a1-25-900336-1 | ||
| 041 | _aENGLISH | ||
| 082 | _A624.18341q2 | ||
| 100 | _aKrishna Raju N | ||
| 245 | 0 | _aPrestressed Concrete | |
| 250 | _a5th | ||
| 260 |
_c2012 _bMcGRAW |
||
| 500 | _aTRANSFERED | ||
| 650 |
_aConcrete _bCivil |
||
| 942 | _cBK | ||
| 999 |
_c195258 _d195258 |
||